| 000 | 00390nam a22001337a 4500 | ||
|---|---|---|---|
| 020 | _qPB. | ||
| 040 | _cFIZZA ISHAQ | ||
| 082 |
_a469.32 _bHYG |
||
| 100 |
_aALIANDRO,HYGINO. _9133612 |
||
| 245 |
_aDICIONARIO INGLES PORTUGUES THE ENGLISH PORTUGUESE DICTIONARY / _cHYGINO ALIANDRO. |
||
| 260 |
_aNEW YORK ; _bWASHINGTON SQUARE PRESS, _c1956. |
||
| 300 |
_a402 P. ; _c6.2X4IN |
||
| 942 |
_2ddc _cBK |
||
| 999 |
_c616568 _d616568 |
||